000
00213 a2200097 4500
001
1719
100
_a
Wells, S.H.
245
_a
Engineering drawing and design Pt-11
260
_a
_b
Griffin
_c
090
_c
1256
_d
1256
942
_a
NUST-CAE
_c
M
_c
2847
999
_c
236792
_d
236792